O irmão do João sujinho (Record no. 147504)

MARC details
000 -LÍDER
campo de controle de tamanho fixo 00294 a2200121 4500
001 - NÚMERO DE CONTROLE
campo de controle 147504
040 ## - FONTE DA CATALOGAÇÃO
Instituição que transcreveu o registro Escola São Tomás de Aquino
100 ## - ENTRADA PRINCIPAL--NOME PESSOAL
Nome pessoal MATA, Marta
240 10 - TÍTULO UNIFORME
Título uniforme O irmão do João sujinho
Idioma da obra por
245 10 - TÍTULO
Título O irmão do João sujinho
697 ## - ENTRADA DE ASSUNTO LOCAL--ENTIDADE COLETIVA (RLIN)
Nome corporativo ou nome da jurisdição *LITERATURA INFANTIL
942 ## - ELEMENTOS DE ENTRADA ADICIONADOS (KOHA)
Tipo de material Koha Livros
Holdings
Situação do descarte Situação das perdas Situação física Não pode ser emprestado Biblioteca de origem Biblioteca atual Data de aquisição Total de empréstimos Número de chamada completo Código de barras Data de último acesso Data do preço efetivo Tipo de material Koha
        ESTA - SÃO BENTO ESTA - SÃO BENTO 30/04/2024   028.51 MAT IRM EST00001415 30/04/2024 30/04/2024 Livros